000 00926nam a2200277 4500
003 OSt
005 20260530113849.0
008 260420b2005 sp a|||| |||| 00| 0 spa d
020 _a8425219817
040 _aICI
_bspa
_cICI
041 1 _aspa
_heng
050 _aTS171
_b H4818
100 1 _aHeskett, John,
_931075
240 1 0 _aToothpicks and logos.
_lEspañol
245 1 3 _aEl diseño en la vida cotidiana
_cJohn Heskett ; versión castellana, Isabel Nuñez
264 1 _bGustavo Gili
_c2005
_a Barcelona
300 _a214 páginas
_b ilustraciones
_c20.0 cm
336 _atexto
_2rdacontent
337 _asin medio
_2rdamedia
338 _avolumen
_2rdacarrier
500 _aTraducción de: Toothpicks and logos : design in everyday life
650 4 _aDiseño industrial
_x Metodología
_931076
650 4 _aAptitud creadora en tecnología
_931077
700 1 _aNúñez, Isabel
_e traductor
_931078
942 _2ddc
_cBK
999 _c11397
_d11397